| 000 | 00419nam a2200181Ia 4500 | ||
|---|---|---|---|
| 003 | LK-CoDNM | ||
| 008 | 010623t2011 xxu||||| |||| 00| 1 sin d | ||
| 040 |
_aLK-CoDNM _dLK-CoDNM _eLK-CoDNM |
||
| 041 | _asin | ||
| 080 | _a8S2 PLO | ||
| 100 |
_aJayawardhana,Bandula _etr. |
||
| 245 | _aකඹය | ||
| 246 | _aKabhaya | ||
| 260 |
_bGodage _aColombo _c2011 |
||
| 300 | _b104, 21 cm | ||
| 700 | _aPlotus | ||
| 942 | _cBK | ||
| 999 |
_c130933 _d130933 |
||